[Event "Najdorf Memorial B"]
[Site "Warsaw POL"]
[Date "2021.07.13"]
[Round "4.5"]
[White "Zimochocki, Roman"]
[Black "Grunas, Jakub"]
[Result "0-1"]
[WhiteElo "1535"]
[BlackElo "1301"]
[EventDate "2021.07.10"]
[PlyCount "99"]
[LiveChessVersion "1.4.8"]

1.d4 {[%clk 1:31:00]} 1...d5 {[%clk 1:30:56]} 2.Nf3 {[%clk 1:31:23]} 2...Nf6 
{[%clk 1:31:22]} 3.Bf4 {[%clk 1:31:49]} 3...c5 {[%clk 1:31:39]} 4.c3 {[%clk
1:32:07]} 4...Nc6 {[%clk 1:31:57]} 5.e3 {[%clk 1:31:56]} 5...Qb6 {[%clk
1:32:00]} 6.Qc1 {[%clk 1:31:42]} 6...Bf5 {[%clk 1:27:41]} 7.Nbd2 {[%clk
1:31:57]} 7...Nh5 {[%clk 1:27:16]} 8.Be5 {[%clk 1:29:44]} 8...f6 {[%clk
1:26:01]} 9.dxc5 {[%clk 1:25:43]} 9...Qxc5 {[%clk 1:23:30]} 10.Bg3 {[%clk
1:25:04]} 10...Nxg3 {[%clk 1:23:02]} 11.hxg3 {[%clk 1:25:33]} 11...g5 {[%clk
1:18:10]} 12.Nd4 {[%clk 1:23:34]} 12...Nxd4 {[%clk 1:13:06]} 13.exd4 {[%clk
1:19:02]} 13...Qb6 {[%clk 1:11:53]} 14.Be2 {[%clk 1:18:11]} 14...g4 {[%clk
1:05:14]} 15.Nf1 {[%clk 1:18:08]} 15...h5 {[%clk 1:04:43]} 16.Ne3 {[%clk
1:18:04]} 16...Qe6 {[%clk 0:58:35]} 17.Qd2 {[%clk 1:11:02]} 17...Kf7 {[%clk
0:54:06]} 18.c4 {[%clk 1:11:06]} 18...Bh6 {[%clk 0:49:17]} 19.Qc3 {[%clk
1:08:50]} 19...Bxe3 {[%clk 0:48:56]} 20.Qxe3 {[%clk 1:06:19]} 20...dxc4 {[%clk
0:47:06]} 21.Rc1 {[%clk 1:03:41]} 21...Qxe3 {[%clk 0:46:54]} 22.fxe3 {[%clk
1:04:08]} 22...b5 {[%clk 0:46:23]} 23.b3 {[%clk 1:02:17]} 23...cxb3 {[%clk
0:45:55]} 24.axb3 {[%clk 1:02:19]} 24...b4 {[%clk 0:43:31]} 25.Rc5 {[%clk
1:01:22]} 25...Kg6 {[%clk 0:39:09]} 26.Kd2 {[%clk 0:59:32]} 26...Rhc8 {[%clk
0:33:37]} 27.Rhc1 {[%clk 0:55:33]} 27...Rxc5 {[%clk 0:26:45]} 28.dxc5 {[%clk
0:50:43]} 28...Rd8+ {[%clk 0:26:48]} 29.Ke1 {[%clk 0:51:07]} 29...Rc8 {[%clk
0:26:08]} 30.c6 {[%clk 0:45:26]} 30...Rc7 {[%clk 0:26:21]} 31.Kd2 {[%clk
0:44:59]} 31...Kf7 {[%clk 0:25:21]} 32.Rc5 {[%clk 0:40:49]} 32...Be4 {[%clk
0:22:25]} 33.Rb5 {[%clk 0:31:15]} 33...Rxc6 {[%clk 0:20:06]} 34.Bc4+ {[%clk
0:31:12]} 34...Kg6 {[%clk 0:17:33]} 35.Rxb4 {[%clk 0:31:34]} 35...Bxg2 {[%clk
0:16:40]} 36.Bd3+ {[%clk 0:31:09]} 36...f5 {[%clk 0:16:02]} 37.Ra4 {[%clk
0:21:24]} 37...Rc7 {[%clk 0:15:18]} 38.Ra6+ {[%clk 0:16:01]} 38...Kg5 {[%clk
0:14:37]} 39.Bc4 {[%clk 0:16:25]} 39...h4 {[%clk 0:13:03]} 40.gxh4+ {[%clk
0:16:46]} 40...Kxh4 {[%clk 0:13:18]} 41.Be6 {[%clk 0:13:57]} 41...Be4 {[%clk
0:13:14]} 42.Bc4 {[%clk 0:13:13]} 42...g3 {[%clk 0:12:53]} 43.Ke2 {[%clk
0:12:50]} 43...g2 {[%clk 0:11:33]} 44.Kf2 {[%clk 0:13:02]} 44...Rd7 {[%clk
0:11:00]} 45.Bf7 {[%clk 0:05:53]} 45...Rd2+ {[%clk 0:10:56]} 46.Kg1 {[%clk
0:06:17]} 46...Rd1+ {[%clk 0:11:17]} 47.Kf2 Rd7 {[%clk 0:11:17]} 48.Bc4 {[%clk
0:05:52]} 48...Rd2+ 49.Be2 Kg5 50.Rh6 0-1

[Event "Najdorf Memorial B"]
[Site "Warsaw POL"]
[Date "2021.07.13"]
[Round "4.6"]
[White "Smetek, Michal"]
[Black "Wilczynski, Adam"]
[Result "1-0"]
[WhiteElo "1315"]
[BlackElo "1522"]
[EventDate "2021.07.10"]
[PlyCount "111"]
[LiveChessVersion "1.4.8"]

1.d4 {[%clk 1:30:57]} 1...Nf6 {[%clk 1:30:47]} 2.c4 {[%clk 1:31:17]} 2...e6 
{[%clk 1:31:04]} 3.Nf3 {[%clk 1:31:31]} 3...b6 {[%clk 1:31:13]} 4.a3 {[%clk
1:31:39]} 4...Ba6 {[%clk 1:30:21]} 5.e3 {[%clk 1:29:45]} 5...d5 {[%clk 1:28:20]} 
6.Nbd2 {[%clk 1:23:02]} 6...Bd6 {[%clk 1:25:35]} 7.Be2 {[%clk 1:22:17]} 7...O-O 
{[%clk 1:25:26]} 8.cxd5 {[%clk 1:22:14]} 8...Bxe2 {[%clk 1:25:19]} 9.Qxe2 
{[%clk 1:22:37]} 9...exd5 {[%clk 1:25:19]} 10.O-O {[%clk 1:20:57]} 10...Nbd7 
{[%clk 1:24:09]} 11.b3 {[%clk 1:18:20]} 11...Ne4 {[%clk 1:20:05]} 12.Nxe4 
{[%clk 1:15:27]} 12...dxe4 {[%clk 1:20:08]} 13.Nd2 {[%clk 1:15:30]} 13...Re8 
{[%clk 1:09:05]} 14.f3 {[%clk 1:09:03]} 14...exf3 {[%clk 1:05:12]} 15.Qxf3 
{[%clk 1:08:35]} 15...Rf8 {[%clk 1:01:52]} 16.Ne4 {[%clk 1:06:20]} 16...Be7 
{[%clk 1:01:21]} 17.Bb2 {[%clk 1:06:02]} 17...Rc8 {[%clk 0:56:19]} 18.Rad1 
{[%clk 1:04:49]} 18...Nf6 {[%clk 0:54:21]} 19.Nxf6+ {[%clk 1:03:05]} 19...Bxf6 
{[%clk 0:54:29]} 20.e4 {[%clk 1:03:19]} 20...Qe7 {[%clk 0:49:19]} 21.e5 {[%clk
0:59:29]} 21...Bg5 {[%clk 0:46:20]} 22.d5 {[%clk 0:48:35]} 22...Rcd8 {[%clk
0:43:54]} 23.Rfe1 {[%clk 0:40:15]} 23...Bh6 {[%clk 0:38:52]} 24.d6 {[%clk
0:38:56]} 24...Qd7 {[%clk 0:36:26]} 25.Qc3 {[%clk 0:25:35]} 25...Rc8 {[%clk
0:32:02]} 26.Qd3 {[%clk 0:23:45]} 26...Rfd8 {[%clk 0:27:15]} 27.Qd5 {[%clk
0:23:13]} 27...c6 {[%clk 0:26:06]} 28.Qf3 {[%clk 0:12:05]} 28...Qe6 {[%clk
0:26:06]} 29.Rf1 {[%clk 0:09:24]} 29...Rd7 {[%clk 0:25:34]} 30.h3 {[%clk
0:07:03]} 30...g6 {[%clk 0:24:53]} 31.Qf6 {[%clk 0:05:15]} 31...Bg7 {[%clk
0:24:15]} 32.Qxe6 {[%clk 0:05:12]} 32...fxe6 {[%clk 0:24:30]} 33.Kf2 {[%clk
0:05:10]} 33...c5 {[%clk 0:21:24]} 34.Ke2 {[%clk 0:04:35]} 34...Rf8 {[%clk
0:20:01]} 35.Kd3 {[%clk 0:04:23]} 35...a6 {[%clk 0:17:00]} 36.b4 {[%clk
0:03:40]} 36...cxb4 {[%clk 0:12:49]} 37.axb4 {[%clk 0:03:50]} 37...a5 {[%clk
0:10:49]} 38.bxa5 {[%clk 0:03:47]} 38...bxa5 {[%clk 0:11:16]} 39.Rxf8+ {[%clk
0:03:51]} 39...Bxf8 {[%clk 0:11:29]} 40.Kc4 {[%clk 0:03:48]} 40...Rb7 {[%clk
0:11:15]} 41.Bc3 {[%clk 0:03:47]} 41...a4 {[%clk 0:11:26]} 42.Ra1 {[%clk
0:02:28]} 42...Ra7 {[%clk 0:11:28]} 43.Kb4 {[%clk 0:02:16]} 43...a3 {[%clk
0:11:31]} 44.Bd4 {[%clk 0:01:10]} 44...Ra8 {[%clk 0:11:57]} 45.Bc5 {[%clk
0:00:55]} 45...a2 {[%clk 0:11:29]} 46.Kb5 {[%clk 0:00:59]} 46...Bg7 {[%clk
0:11:16]} 47.Bd4 {[%clk 0:01:11]} 47...Bh6 {[%clk 0:11:32]} 48.Kc6 {[%clk
0:01:06]} 48...Kf7 {[%clk 0:11:19]} 49.Rf1+ {[%clk 0:01:19]} 49...Ke8 {[%clk
0:11:37]} 50.d7+ {[%clk 0:01:38]} 50...Ke7 {[%clk 0:11:23]} 51.Bc5+ {[%clk
0:02:02]} 51...Kd8 {[%clk 0:11:36]} 52.Bb6+ {[%clk 0:02:23]} 52...Ke7 {[%clk
0:11:56]} 53.d8=Q+ {[%clk 0:02:19]} 53...Rxd8 {[%clk 0:12:10]} 54.Bxd8+ {[%clk
0:02:43]} 54...Kxd8 {[%clk 0:12:06]} 55.Ra1 {[%clk 0:02:53]} 55...Bf4 {[%clk
0:11:51]} 56.Kd6 {[%clk 0:03:05]} 1-0

[Event "Najdorf Memorial B"]
[Site "Warsaw POL"]
[Date "2021.07.13"]
[Round "4.7"]
[White "Szumigaj, Marcin"]
[Black "Goral, Jan"]
[Result "0-1"]
[WhiteElo "1492"]
[BlackElo "1707"]
[EventDate "2021.07.10"]
[PlyCount "70"]
[LiveChessVersion "1.4.8"]

1.c4 {[%clk 1:30:56]} 1...f5 {[%clk 1:30:47]} 2.Nf3 {[%clk 1:30:26]} 2...Nf6 
{[%clk 1:31:00]} 3.g3 {[%clk 1:29:56]} 3...g6 {[%clk 1:31:18]} 4.Bg2 {[%clk
1:30:23]} 4...Bg7 {[%clk 1:31:43]} 5.O-O {[%clk 1:30:38]} 5...O-O {[%clk
1:32:03]} 6.d4 {[%clk 1:30:32]} 6...d6 {[%clk 1:32:27]} 7.Nc3 {[%clk 1:30:11]} 
7...Qe8 {[%clk 1:26:29]} 8.Re1 {[%clk 1:23:14]} 8...e5 {[%clk 1:25:28]} 9.dxe5 
{[%clk 1:22:50]} 9...dxe5 {[%clk 1:25:47]} 10.e4 {[%clk 1:22:25]} 10...Nxe4 
{[%clk 1:16:26]} 11.Nxe4 {[%clk 1:22:21]} 11...fxe4 {[%clk 1:16:51]} 12.Ng5 
{[%clk 1:21:25]} 12...Nc6 {[%clk 1:14:37]} 13.Be3 {[%clk 1:12:59]} 13...Qe7 
{[%clk 1:04:59]} 14.Qd5+ {[%clk 1:09:26]} 14...Kh8 {[%clk 1:05:21]} 15.Qxe4 
{[%clk 0:53:08]} 15...Bf6 {[%clk 0:47:27]} 16.Qh4 {[%clk 0:38:02]} 16...Qg7 
{[%clk 0:37:45]} 17.Rad1 {[%clk 0:28:48]} 17...h6 {[%clk 0:34:48]} 18.f4 {[%clk
0:19:18]} 18...exf4 {[%clk 0:30:14]} 19.gxf4 {[%clk 0:19:03]} 19...Bf5 {[%clk
0:23:46]} 20.Bc5 {[%clk 0:16:22]} 20...Rfe8 {[%clk 0:22:34]} 21.Kh1 {[%clk
0:15:27]} 21...h5 {[%clk 0:16:31]} 22.Bd5 {[%clk 0:14:35]} 22...Rxe1+ {[%clk
0:11:35]} 23.Qxe1 {[%clk 0:13:52]} 23...Bg4 {[%clk 0:10:08]} 24.Rd3 {[%clk
0:12:15]} 24...Qd7 {[%clk 0:06:55]} 25.Qd2 {[%clk 0:09:19]} 25...Bf5 {[%clk
0:06:35]} 26.Be4 {[%clk 0:08:35]} 26...Qc8 {[%clk 0:06:12]} 27.Bxf5 {[%clk
0:03:59]} 27...Qxf5 {[%clk 0:06:24]} 28.Be3 {[%clk 0:03:54]} 28...Bxg5 {[%clk
0:04:18]} 29.fxg5 {[%clk 0:04:19]} 29...Qe4+ {[%clk 0:03:57]} 30.Kg1 {[%clk
0:04:38]} 30...Re8 {[%clk 0:03:40]} 31.Bd4+ {[%clk 0:02:47]} 31...Kg8 {[%clk
0:02:37]} 32.Bc5 {[%clk 0:01:42]} 32...Ne5 {[%clk 0:02:22]} 33.Re3 {[%clk
0:00:49]} 33...Nf3+ {[%clk 0:02:22]} 34.Rxf3 {[%clk 0:01:14]} 34...Qxf3 {[%clk
0:02:51]} 35.Bf2 {[%clk 0:00:33]} 35...Qg4+ {[%clk 0:02:55]} 0-1

[Event "Najdorf Memorial B"]
[Site "Warsaw POL"]
[Date "2021.07.13"]
[Round "4.8"]
[White "Wiktorowski, Janusz"]
[Black "Janik, Marcin"]
[Result "0-1"]
[WhiteElo "1440"]
[BlackElo "1705"]
[EventDate "2021.07.10"]
[PlyCount "68"]
[LiveChessVersion "1.4.8"]

1.e4 {[%clk 1:30:56]} 1...c5 {[%clk 1:30:55]} 2.Nf3 {[%clk 1:31:20]} 2...g6 
{[%clk 1:31:22]} 3.d4 {[%clk 1:31:38]} 3...cxd4 {[%clk 1:31:47]} 4.Nxd4 {[%clk
1:32:00]} 4...Bg7 {[%clk 1:32:06]} 5.Nc3 {[%clk 1:26:50]} 5...Nc6 {[%clk
1:32:32]} 6.Be3 {[%clk 1:26:49]} 6...Nf6 {[%clk 1:32:58]} 7.f3 {[%clk 1:26:46]} 
7...O-O {[%clk 1:32:12]} 8.Qd2 {[%clk 1:25:21]} 8...d5 {[%clk 1:32:36]} 9.O-O-O 
{[%clk 1:16:15]} 9...dxe4 {[%clk 1:30:39]} 10.fxe4 {[%clk 1:09:56]} 10...Ng4 
{[%clk 1:27:18]} 11.Nxc6 {[%clk 1:01:16]} 11...Qxd2+ {[%clk 1:27:04]} 12.Bxd2 
{[%clk 0:49:46]} 12...bxc6 {[%clk 1:27:20]} 13.Be1 {[%clk 0:46:23]} 13...Ne3 
{[%clk 1:23:53]} 14.Rd3 {[%clk 0:37:05]} 14...Nxf1 {[%clk 1:24:17]} 15.Rxf1 
{[%clk 0:37:24]} 15...Ba6 {[%clk 1:24:33]} 16.Rff3 {[%clk 0:35:49]} 16...Bxd3 
{[%clk 1:24:57]} 17.cxd3 {[%clk 0:35:43]} 17...f5 {[%clk 1:21:23]} 18.Bf2 
{[%clk 0:29:36]} 18...Bxc3 {[%clk 1:20:28]} 19.bxc3 {[%clk 0:29:56]} 19...fxe4 
{[%clk 1:20:48]} 20.dxe4 {[%clk 0:28:46]} 20...Rxf3 {[%clk 1:21:12]} 21.gxf3 
{[%clk 0:29:06]} 21...Kf7 {[%clk 1:20:46]} 22.f4 {[%clk 0:27:15]} 22...Rd8 
{[%clk 1:19:56]} 23.a3 {[%clk 0:27:02]} 23...Rd3 {[%clk 1:18:08]} 24.Kc2 {[%clk
0:26:48]} 24...Rf3 {[%clk 1:18:11]} 25.Bxa7 {[%clk 0:26:39]} 25...Rxf4 {[%clk
1:18:32]} 26.e5 {[%clk 0:26:58]} 26...Ke6 {[%clk 1:18:22]} 27.Kb3 {[%clk
0:27:04]} 27...Kd7 {[%clk 1:17:13]} 28.a4 {[%clk 0:23:46]} 28...e6 {[%clk
1:17:33]} 29.a5 {[%clk 0:23:20]} 29...Kc7 {[%clk 1:17:12]} 30.a6 {[%clk
0:22:50]} 30...Rh4 {[%clk 1:16:47]} 31.Bg1 {[%clk 0:22:27]} 31...Rh5 {[%clk
1:16:59]} 32.Bd4 {[%clk 0:21:52]} 32...Rxh2 {[%clk 1:17:15]} 33.Bc5 {[%clk
0:22:15]} 33...h5 {[%clk 1:15:11]} 34.Bd6+ {[%clk 0:22:40]} 34...Kb6 {[%clk
1:15:09]} 0-1

[Event "Najdorf Memorial B"]
[Site "Warsaw POL"]
[Date "2021.07.13"]
[Round "4.10"]
[White "Szymkiewicz, Witold"]
[Black "Kopaniewski, Jakub"]
[Result "1-0"]
[WhiteElo "1413"]
[BlackElo "1634"]
[EventDate "2021.07.10"]
[PlyCount "45"]
[LiveChessVersion "1.4.8"]

1.e4 {[%clk 1:30:59]} 1...d6 {[%clk 1:30:55]} 2.d4 {[%clk 1:31:21]} 2...Nf6 
{[%clk 1:31:21]} 3.Nc3 {[%clk 1:31:40]} 3...e5 {[%clk 1:31:38]} 4.Nf3 {[%clk
1:31:27]} 4...Nbd7 {[%clk 1:30:44]} 5.Bc4 {[%clk 1:29:33]} 5...Be7 {[%clk
1:31:03]} 6.Ng5 {[%clk 1:25:06]} 6...O-O {[%clk 1:29:42]} 7.Bxf7+ {[%clk
1:24:05]} 7...Rxf7 {[%clk 1:30:07]} 8.Ne6 {[%clk 1:24:04]} 8...Qe8 {[%clk
1:30:22]} 9.Nxc7 {[%clk 1:24:29]} 9...Qd8 {[%clk 1:30:40]} 10.Nxa8 {[%clk
1:24:51]} 10...a6 {[%clk 1:23:44]} 11.Be3 {[%clk 1:20:50]} 11...b5 {[%clk
1:04:42]} 12.dxe5 {[%clk 1:20:51]} 12...Nxe5 {[%clk 1:03:30]} 13.Nb6 {[%clk
1:20:24]} 13...Bg4 {[%clk 0:52:33]} 14.f3 {[%clk 1:18:06]} 14...Nxe4 {[%clk
0:37:21]} 15.Nxe4 {[%clk 1:14:45]} 15...Nxf3+ {[%clk 0:37:16]} 16.gxf3 {[%clk
1:14:37]} 16...Bxf3 {[%clk 0:37:14]} 17.Qd3 {[%clk 1:13:57]} 17...d5 {[%clk
0:27:05]} 18.Nc3 {[%clk 1:04:54]} 18...Bb4 {[%clk 0:15:42]} 19.Rf1 {[%clk
1:02:32]} 19...Be4 {[%clk 0:08:13]} 20.Qd4 {[%clk 1:01:52]} 20...Rxf1+ {[%clk
0:06:39]} 21.Kxf1 {[%clk 1:02:13]} 21...Qf8+ {[%clk 0:05:10]} 22.Bf2 {[%clk
1:01:39]} 22...Bf3 {[%clk 0:01:07]} 23.Nbxd5 {[%clk 1:01:22]} 1-0

[Event "Najdorf Memorial B"]
[Site "Warsaw POL"]
[Date "2021.07.13"]
[Round "4.11"]
[White "Kurowski, Maciej"]
[Black "Ptaszynski, Szymon"]
[Result "1/2-1/2"]
[WhiteElo "1627"]
[BlackElo "1516"]
[EventDate "2021.07.10"]
[PlyCount "97"]
[LiveChessVersion "1.4.8"]

1.e4 {[%clk 1:30:56]} 1...c5 {[%clk 1:30:53]} 2.Nf3 {[%clk 1:31:17]} 2...d6 
{[%clk 1:30:58]} 3.Bb5+ {[%clk 1:31:36]} 3...Bd7 {[%clk 1:30:40]} 4.Bxd7+ 
{[%clk 1:31:54]} 4...Qxd7 {[%clk 1:31:05]} 5.c4 {[%clk 1:30:29]} 5...Nf6 {[%clk
1:29:53]} 6.Nc3 {[%clk 1:30:19]} 6...Nc6 {[%clk 1:29:13]} 7.d4 {[%clk 1:29:36]} 
7...cxd4 {[%clk 1:29:22]} 8.Nxd4 {[%clk 1:30:00]} 8...g6 {[%clk 1:26:29]} 9.O-O 
{[%clk 1:27:21]} 9...Bg7 {[%clk 1:25:22]} 10.Nc2 {[%clk 1:26:11]} 10...Rc8 
{[%clk 1:24:18]} 11.Ne3 {[%clk 1:22:55]} 11...O-O {[%clk 1:20:57]} 12.f3 {[%clk
1:18:30]} 12...e6 {[%clk 1:13:52]} 13.b3 {[%clk 1:15:59]} 13...Rfd8 {[%clk
1:02:27]} 14.Bb2 {[%clk 1:08:22]} 14...a6 {[%clk 0:59:51]} 15.Qd2 {[%clk
1:05:05]} 15...Qc7 {[%clk 0:58:46]} 16.Rfd1 {[%clk 1:00:34]} 16...Ne8 {[%clk
0:47:09]} 17.Rac1 {[%clk 0:58:30]} 17...Bh6 {[%clk 0:45:13]} 18.g3 {[%clk
0:50:55]} 18...Qb6 {[%clk 0:42:31]} 19.f4 {[%clk 0:44:49]} 19...Qa7 {[%clk
0:36:03]} 20.Kg2 {[%clk 0:40:10]} 20...Bg7 {[%clk 0:35:05]} 21.h4 {[%clk
0:38:59]} 21...h5 {[%clk 0:34:10]} 22.Rc2 {[%clk 0:35:06]} 22...Nd4 {[%clk
0:29:13]} 23.Rcc1 {[%clk 0:30:10]} 23...Nc6 {[%clk 0:28:24]} 24.Ba1 {[%clk
0:27:56]} 24...b6 {[%clk 0:28:07]} 25.g4 {[%clk 0:20:30]} 25...hxg4 {[%clk
0:21:35]} 26.Nxg4 {[%clk 0:19:27]} 26...Qb7 {[%clk 0:21:52]} 27.Ne2 {[%clk
0:18:27]} 27...Qe7 {[%clk 0:18:00]} 28.Rh1 {[%clk 0:13:19]} 28...Bxa1 {[%clk
0:17:09]} 29.Rxa1 {[%clk 0:13:40]} 29...Nf6 {[%clk 0:16:32]} 30.Nxf6+ {[%clk
0:12:43]} 30...Qxf6 {[%clk 0:17:00]} 31.Qc3 {[%clk 0:12:06]} 31...Kg7 {[%clk
0:15:56]} 32.h5 {[%clk 0:11:36]} 32...gxh5 {[%clk 0:15:03]} 33.Rxh5 {[%clk
0:11:46]} 33...Qxc3 {[%clk 0:15:18]} 34.Nxc3 {[%clk 0:12:15]} 34...Kf6 {[%clk
0:15:29]} 35.Rd1 {[%clk 0:10:20]} 35...Ke7 {[%clk 0:15:32]} 36.Kf3 {[%clk
0:10:14]} 36...Rh8 {[%clk 0:15:40]} 37.Rg5 {[%clk 0:09:09]} 37...Rh3+ {[%clk
0:15:51]} 38.Rg3 {[%clk 0:09:35]} 38...Rxg3+ {[%clk 0:15:55]} 39.Kxg3 {[%clk
0:10:04]} 39...Rg8+ {[%clk 0:16:20]} 40.Kf3 {[%clk 0:10:13]} 40...Rh8 {[%clk
0:16:33]} 41.Kg3 {[%clk 0:10:28]} 41...Rh5 {[%clk 0:16:06]} 42.Na4 {[%clk
0:07:35]} 42...b5 {[%clk 0:16:20]} 43.cxb5 {[%clk 0:07:58]} 43...axb5 {[%clk
0:16:37]} 44.Nb6 {[%clk 0:06:25]} 44...Rh8 {[%clk 0:16:48]} 45.Rc1 {[%clk
0:06:11]} 45...Rg8+ {[%clk 0:16:46]} 46.Kf3 {[%clk 0:06:08]} 46...Nb4 {[%clk
0:12:56]} 47.Nc8+ {[%clk 0:06:23]} 47...Kd7 {[%clk 0:13:06]} 48.Nb6+ {[%clk
0:06:51]} 48...Ke7 {[%clk 0:13:28]} 49.Nc8+ {[%clk 0:07:11]} 1/2-1/2

[Event "Najdorf Memorial B"]
[Site "Warsaw POL"]
[Date "2021.07.13"]
[Round "4.12"]
[White "Wieckowski, Michal"]
[Black "Jazdzyk, Jakub"]
[Result "1-0"]
[WhiteElo "1614"]
[BlackElo "1437"]
[EventDate "2021.07.10"]
[PlyCount "67"]
[LiveChessVersion "1.4.8"]

1.e4 {[%clk 1:30:59]} 1...e5 {[%clk 1:30:56]} 2.Bc4 {[%clk 1:31:28]} 2...Nf6 
{[%clk 1:31:18]} 3.Qf3 {[%clk 1:31:17]} 3...Nc6 {[%clk 1:29:40]} 4.Ne2 {[%clk
1:31:41]} 4...Bc5 {[%clk 1:26:01]} 5.d3 {[%clk 1:31:06]} 5...d6 {[%clk 1:20:02]} 
6.h3 {[%clk 1:31:04]} 6...Be6 {[%clk 1:18:53]} 7.Bg5 {[%clk 1:25:15]} 7...h6 
{[%clk 1:12:25]} 8.Bxf6 {[%clk 1:25:04]} 8...gxf6 {[%clk 1:12:22]} 9.c3 {[%clk
1:24:53]} 9...Bxc4 {[%clk 1:09:10]} 10.dxc4 {[%clk 1:25:21]} 10...Qe7 {[%clk
1:06:59]} 11.Nd2 {[%clk 1:21:31]} 11...a5 {[%clk 1:01:11]} 12.Ng3 {[%clk
1:17:29]} 12...Qe6 {[%clk 0:58:31]} 13.Nh5 {[%clk 1:14:41]} 13...Ke7 {[%clk
0:54:44]} 14.Ng7 {[%clk 1:01:51]} 14...Qd7 {[%clk 0:51:57]} 15.Nf5+ {[%clk
1:01:36]} 15...Ke8 {[%clk 0:41:33]} 16.Nf1 {[%clk 0:54:27]} 16...Ne7 {[%clk
0:37:49]} 17.N1g3 {[%clk 0:43:45]} 17...Nxf5 {[%clk 0:33:14]} 18.Nxf5 Rb8 
{[%clk 0:28:46]} 19.a4 {[%clk 0:41:57]} 19...c6 {[%clk 0:21:41]} 20.O-O {[%clk
0:39:12]} 20...Kd8 {[%clk 0:21:26]} 21.Rfd1 {[%clk 0:39:08]} 21...Kc7 {[%clk
0:21:09]} 22.Nxd6 {[%clk 0:38:01]} 22...Bxd6 {[%clk 0:18:28]} 23.c5 {[%clk
0:38:22]} 23...Qe6 {[%clk 0:18:08]} 24.Rxd6 {[%clk 0:38:35]} 24...Qc4 {[%clk
0:17:16]} 25.Rxf6 {[%clk 0:35:34]} 25...Qxc5 {[%clk 0:17:02]} 26.Rxf7+ {[%clk
0:35:54]} 26...Kb6 {[%clk 0:17:20]} 27.b4 {[%clk 0:28:00]} 27...axb4 {[%clk
0:17:03]} 28.Rb1 {[%clk 0:28:28]} 28...Rhf8 {[%clk 0:16:11]} 29.Rxb4+ {[%clk
0:25:15]} 29...Ka5 {[%clk 0:16:12]} 30.Rbxb7 {[%clk 0:20:55]} 30...Rxb7 {[%clk
0:14:01]} 31.Rxf8 {[%clk 0:21:20]} 31...Rb1+ {[%clk 0:12:51]} 32.Kh2 {[%clk
0:21:49]} 32...Rc1 {[%clk 0:11:13]} 33.Ra8+ {[%clk 0:20:19]} 33...Kb6 {[%clk
0:11:36]} 34.Qf7 {[%clk 0:20:39]} 1-0

[Event "Najdorf Memorial B"]
[Site "Warsaw POL"]
[Date "2021.07.13"]
[Round "4.13"]
[White "Rzenca, Jerzy"]
[Black "Wnuk, Piotr"]
[Result "1-0"]
[WhiteElo "1569"]
[BlackElo "1256"]
[EventDate "2021.07.10"]
[PlyCount "77"]
[LiveChessVersion "1.4.8"]

1.e4 {[%clk 1:30:59]} 1...Nf6 {[%clk 1:30:54]} 2.Nc3 {[%clk 1:30:33]} 2...d5 
{[%clk 1:31:19]} 3.e5 {[%clk 1:28:53]} 3...Nfd7 {[%clk 1:31:43]} 4.Nxd5 {[%clk
1:23:15]} 4...Nxe5 {[%clk 1:31:51]} 5.Nc3 {[%clk 1:23:21]} 5...Nbc6 {[%clk
1:31:48]} 6.Bb5 {[%clk 1:22:03]} 6...a6 {[%clk 1:31:16]} 7.Ba4 {[%clk 1:22:29]} 
7...Bg4 {[%clk 1:30:43]} 8.f3 {[%clk 1:22:46]} 8...Bh5 {[%clk 1:31:01]} 9.d4 
{[%clk 1:22:56]} 9...b5 {[%clk 1:30:31]} 10.dxe5 {[%clk 1:17:50]} 10...Qxd1+ 
{[%clk 1:30:39]} 11.Nxd1 {[%clk 1:16:56]} 11...bxa4 {[%clk 1:30:55]} 12.e6 
{[%clk 1:14:34]} 12...fxe6 {[%clk 1:30:43]} 13.Ne2 {[%clk 1:09:58]} 13...e5 
{[%clk 1:29:15]} 14.Ne3 {[%clk 1:08:13]} 14...e6 {[%clk 1:28:54]} 15.Bd2 {[%clk
1:06:06]} 15...Bg6 {[%clk 1:26:30]} 16.a3 {[%clk 1:03:17]} 16...Bc5 {[%clk
1:26:23]} 17.O-O-O {[%clk 1:00:20]} 17...Rb8 {[%clk 1:26:17]} 18.Nc3 {[%clk
0:59:13]} 18...O-O {[%clk 1:26:00]} 19.Rhe1 {[%clk 0:55:51]} 19...Bd6 {[%clk
1:16:56]} 20.Nc4 {[%clk 0:45:41]} 20...Nd4 {[%clk 1:14:46]} 21.Ne4 {[%clk
0:45:25]} 21...Bxe4 {[%clk 1:12:03]} 22.Rxe4 {[%clk 0:45:43]} 22...Rb5 {[%clk
1:10:09]} 23.f4 {[%clk 0:24:57]} 23...Rc5 {[%clk 1:04:49]} 24.Nxd6 {[%clk
0:18:31]} 24...cxd6 {[%clk 1:04:00]} 25.fxe5 {[%clk 0:16:00]} 25...Nb3+ {[%clk
1:03:52]} 26.Kb1 {[%clk 0:16:11]} 26...Rf1 {[%clk 1:03:56]} 27.Be1 {[%clk
0:14:38]} 27...Rd5 {[%clk 0:59:05]} 28.Rxd5 {[%clk 0:12:27]} 28...exd5 {[%clk
0:59:27]} 29.Re3 {[%clk 0:09:18]} 29...d4 {[%clk 0:59:13]} 30.Re2 {[%clk
0:09:41]} 30...dxe5 {[%clk 0:58:49]} 31.Rxe5 {[%clk 0:08:53]} 31...Kf7 {[%clk
0:55:52]} 32.cxb3 {[%clk 0:08:52]} 32...Kf6 {[%clk 0:54:56]} 33.Re8 {[%clk
0:08:32]} 33...Rg1 {[%clk 0:54:19]} 34.bxa4 {[%clk 0:08:12]} 34...d3 {[%clk
0:53:44]} 35.Kc1 {[%clk 0:08:05]} 35...Rxg2 {[%clk 0:53:57]} 36.Bg3 {[%clk
0:07:44]} 36...Rc2+ {[%clk 0:50:37]} 37.Kb1 {[%clk 0:06:39]} 37...Rc5 {[%clk
0:50:26]} 38.Rd8 {[%clk 0:06:25]} 38...Ra5 {[%clk 0:49:36]} 39.b3 {[%clk
0:05:34]} 1-0